| 000 | 00657nam a2200205 i 4500 | ||
|---|---|---|---|
| 001 | 52595 | ||
| 003 | ES-MaACL | ||
| 005 | 20230906162616.0 | ||
| 007 | t| | ||
| 008 | 030901s1984 sp ||||1| spa d | ||
| 100 | 1 |
_aCherfas, Jeremy. _938366 |
|
| 245 | 1 | 0 |
_aIntroducción a la ingeniería genética / _cJeremy Cherfas ; versión de Natividad Sánchez Sáinz-Trápaga. |
| 260 |
_a[Madrid] : _bAlianza, _c[1984] |
||
| 300 |
_a273 p. : _bil. ; _c20 cm. |
||
| 490 | 1 | _aAlianza universidad | |
| 700 | 1 |
_aSánchez Sáinz-Trápaga, Natividad. _9102913 |
|
| 830 | 0 |
_aAlianza universidad _9177276 |
|
| 852 |
_aES-MaACL _jL-6804 _bR.107751 |
||
| 999 |
_c52595 _d52595 |
||